The Leadership Secrets of Colin Powell
| Main Author: | |
|---|---|
| Format: | Book |
| Published: |
New York :
McGraw Hill ,
2002
|
| Subjects: |
MARC
| LEADER | 00000cam a2200000 7i4500 | ||
|---|---|---|---|
| 001 | 0000012439 | ||
| 005 | 20050420.0 | ||
| 020 | |a 0071388591 | ||
| 040 | |a INS | ||
| 090 | 0 | 0 | |a E840.5.P68 |b H36 2002 |
| 100 | 1 | |a Harari, Oren | |
| 245 | 1 | 0 | |a The Leadership Secrets of Colin Powell |c Oren Harari |
| 260 | |a New York : |b McGraw Hill , |c 2002 | ||
| 300 | |a viii : |b 2778p ; |c 22cm. | ||
| 650 | 0 | 0 | |a Powell collin L-Views on leadership |x Political leadership |y U.S |
| 999 | |a 0000012897 |b BOOK |c Open Shelf |e Default branch | ||